Mixturas. Aportes para una práctica híbrida de la mediación lectora.
Uloženo v:
| Další autoři: | |
|---|---|
| Médium: | Kniha |
| Vydáno: |
Santiago, Chile:
Ministerio de las Culturas, las Artes y el Patrimonio, Fondo del Libro y la Lectura,
2023.
|
| Témata: | |
| Tagy: |
Přidat tag
Žádné tagy, Buďte první, kdo vytvoří štítek k tomuto záznamu!
|
MARC
| LEADER | 00000nam a22000007a 4500 | ||
|---|---|---|---|
| 003 | CL-VaPUC | ||
| 005 | 20230809100857.0 | ||
| 008 | 230629t2023 ||||| |||| 00| 0 eng d | ||
| 999 | |c 441283 |d 441281 | ||
| 020 | |a 978-956-414-842-7 | ||
| 040 | |c Pontificia Universidad Católica de Valparaíso | ||
| 082 | |2 22 |a 028.50712 GON 2023 | ||
| 100 | 1 | |a González Yunnissi, Patricio |e editor |9 883533 | |
| 245 | |a Mixturas. |b Aportes para una práctica híbrida de la mediación lectora. | ||
| 260 | |a Santiago, Chile: |b Ministerio de las Culturas, las Artes y el Patrimonio, Fondo del Libro y la Lectura, |c 2023. | ||
| 300 | |a 234 páginas; ilustraciones. | ||
| 500 | |a c.1 Donación Bib. ARQ. Memo ARQ/07. 29-6-2023 c.2-7 Donación Patricio González Yunnissi. Memo Donacion/2023. c.8 Donación Prof. Constanza Jarpa Luco. Memo ART 05/2023 | ||
| 583 | |c 20230629 |k Catalogador Asistente | ||
| 650 | 0 | |9 883775 |a Mediación lectora |x Prácticas pedagógicas |x Arte y literatura |z América Latina y el Caribe | |
| 650 | 0 | |9 883775 |a Mediación lectora |x Enseñanza de Ciencias sociales |x Aspectos socioculturales | |
| 942 | |2 ddc |c BK | ||
| 952 | |0 0 |1 0 |2 ddc |4 0 |6 028_507120000000000_GON_2023 |7 0 |8 A |9 590630 |a BIBARQ |b BIBARQ |c GEN |d 2023-06-29 |e Donación |i 5656731 |l 1 |o 028.50712 GON 2023 |p 5656731 |r 2025-01-20 |s 2023-08-17 |t 1 |w 2023-06-29 |y BK |k ARQ | ||
| 952 | |0 0 |1 0 |2 ddc |4 0 |6 028_507120000000000_GON_2023 |7 0 |8 A |9 590653 |a BIBHIS |b BIBHIS |c GEN |d 2023-07-04 |e Donación |i 5657857 |o 028.50712 GON 2023 |p 5657857 |r 2025-01-20 |t 2 |w 2023-07-04 |y BK |k HIS | ||
| 952 | |0 0 |1 0 |2 ddc |4 0 |6 028_507120000000000_GON_2023 |7 0 |8 A |9 590654 |a BIBHIS |b BIBHIS |c GEN |d 2023-07-04 |e Donación |i 5657858 |o 028.50712 GON 2023 |p 5657858 |r 2025-01-20 |t 3 |w 2023-07-04 |y BK |k HIS | ||
| 952 | |0 0 |1 0 |2 ddc |4 0 |6 028_507120000000000_GON_2023 |7 0 |8 A |9 590655 |a BIBEDU |b BIBEDU |c GEN |d 2023-07-04 |e Donación |i 5657859 |o 028.50712 GON 2023 |p 5657859 |r 2023-07-04 |t 4 |w 2023-07-04 |y BK |k EPE | ||
| 952 | |0 0 |1 0 |2 ddc |4 0 |6 028_507120000000000_GON_2023 |7 0 |8 A |9 590656 |a BIBEDU |b BIBEDU |c GEN |d 2023-07-04 |e Donación |i 5657860 |o 028.50712 GON 2023 |p 5657860 |r 2023-07-04 |t 5 |w 2023-07-04 |y BK |k EPE | ||
| 952 | |0 0 |1 0 |2 ddc |4 0 |6 028_507120000000000_GON_2023 |7 0 |8 C |9 590657 |a BIBCUR |b BIBCUR |c CULT |d 2023-07-04 |e Donación |i 5657861 |o 028.50712 GON 2023 |p 5657861 |r 2025-04-22 |t 6 |w 2023-07-04 |y BK |k CAC | ||
| 952 | |0 0 |1 0 |2 ddc |4 0 |6 028_507120000000000_GON_2023 |7 0 |8 C |9 590658 |a BIBCUR |b BIBCUR |c CULT |d 2023-07-04 |e Donación |i 5657862 |o 028.50712 GON 2023 |p 5657862 |r 2025-04-22 |t 7 |w 2023-07-04 |y BK |k CAC | ||
| 952 | |0 0 |1 0 |2 ddc |4 0 |6 028_507120000000000_GON_2023 |7 0 |8 A |9 591194 |a BIBART |b BIBART |d 2023-08-09 |e Donación |i 5658366 |o 028.50712 GON 2023 |p 5658366 |r 2023-08-09 |t 8 |w 2023-08-09 |y BK |k ART | ||